Majlis al-Taʻāwun li-Duwal al-Khalīj al-ʻArabī : ālīyātuhu, ahdāfuhu al-muʻlanah, ʻalāqātuhu bi-al-munaẓẓamāt al-iqlīmīyah wa-al-dawlīyah /
Saved in:
| Main Author: | |
|---|---|
| Format: | Book |
| Language: | Arabic |
| Published: |
al-Qāhirah :
Maktabat Madbūlī,
1995.
|
| Edition: | al-Ṭabʻah 1. |
| Subjects: | |
| Tags: |
Add Tag
No Tags, Be the first to tag this record!
|
| LEADER | 01048nam a2200265 a 4500 | ||
|---|---|---|---|
| 001 | 005643239-9 | ||
| 005 | 20020606163548.3 | ||
| 008 | 950530s1995 ua b 000|0 ara d | ||
| 035 | 0 | |a ocm34049661 | |
| 041 | 0 | |a ara |b eng | |
| 043 | |a ap----- | ||
| 100 | 1 | |a Shuraydah, ʻAbd al-Mahdī. | |
| 245 | 1 | 0 | |a Majlis al-Taʻāwun li-Duwal al-Khalīj al-ʻArabī : |b ālīyātuhu, ahdāfuhu al-muʻlanah, ʻalāqātuhu bi-al-munaẓẓamāt al-iqlīmīyah wa-al-dawlīyah / |c ʻAbd al-Mahdī al-Shuraydah. |
| 246 | 1 | 5 | |a Gulf Co-operation Council (GCC). |
| 250 | |a al-Ṭabʻah 1. | ||
| 260 | |a al-Qāhirah : |b Maktabat Madbūlī, |c 1995. | ||
| 300 | |a 295 p. ; |c 24 cm. | ||
| 500 | |a Originally presented as the author's thesis (doctoral)--al-Jāmiʻah al-Tūnisīyah, 1992. | ||
| 504 | |a Includes bibliographical references (p. 277-290). | ||
| 546 | |a Abstract in English. | ||
| 610 | 2 | 0 | |a Gulf Cooperation Council. |
| 651 | 0 | |a Persian Gulf States |x Foreign relations. | |
| 651 | 0 | |a Persian Gulf States |x Politics and government. | |
| 988 | |a 20020608 | ||
| 906 | |0 MH | ||


